banner-ar

PARMIGIANINO / (Record no. 10990)

MARC details
000 -الفاتح
حقل البيانات ثابتة الطول 00512nam a2200193Ia 4500
005 - وقت وتاريخ اخر تعامل مع التسجيلة
رقم الضبط 20240530095821.0
008 - عناصر البيانات ثابتة الطول - معلومات عامة
حقل البيانات ثابتة الطول 140319s9999 xx 000 0 eng d
040 ## - مصدر الفهرسة
وكالة الفهرسة الأصلية GCL /
وكالة النسخ GCL
082 04 - رقم تصنيف ديوى العشرى
رقم التصنيف 759
رقم المادة C P
100 1# - المدخل الرئيسى - إسم شخصى
الإسم الشخصى COULD, CECIL HILTON MARK
245 10 - بيان العنوان
العنوان PARMIGIANINO /
بيان المسئوليه,etc COULD, CECIL HILTON MARK
300 ## - الوصف المادى
التعداد 216
650 04 - المدخل الاضافى بالموضوع-مصطلح موضوعى
مصطلح موضوعي CRITICISM AND INTER PRETATION
650 04 - المدخل الاضافى بالموضوع-مصطلح موضوعى
مصطلح موضوعي PARMIGIANION 1503 - 1540
650 04 - المدخل الاضافى بالموضوع-مصطلح موضوعى
مصطلح موضوعي MANNER
942 ## - عناصر المدخل الإضافي( كوها)
مصدر التصنيف او مخطط الترفيف Dewey Decimal Classification
Koha [default] item type كتاب
260 ## - PUBLICATION, DISTRIBUTION, ETC. (IMPRINT)
-- [S.N] :
-- ABBEVILLE PRESS PUBLISHERS
Holdings
حالة التراجع حالة الفقد حالة تلف ليس للاعارة المكان المؤقت الموقع الحالى تاريخ الاكتساب اجمالي اﻻعارات رقم الطلب الباركود تاريخ اخر مشاهدة تاريخ تفعيل السعر نوع وعاء كوها
        مكتبة القاهرة الكبرى مكتبة القاهرة الكبرى 03/26/2014   759\C P 21964 03/26/2014 03/26/2014 كتاب

Powered By

EGPV